Jannik Sinner - Quiz - Statistiques

Statistiques générales
  • Ce quiz a été pris 39 fois
  • Le résultat moyen est 9 sur 15
Statistiques - réponses
Hint Réponse % Correct
Nombre de titre en double 1
100%
Année de naissance 2001
95%
Nombre de titre en GC 4
95%
Nationalité Italienne
95%
Meilleur classement en simple 1er
76%
Premier GC Open d'Australie
76%
Nombre de titre en simple 25
68%
Taille 191 cm
54%
Adversaire le plus rencontré (hors Carlos Alcaraz) Daniil Medvedev
51%
Entraineur 1 Darren Cahill
41%
Lieu de résidence Monte-Carlo
32%
Lieu de naissance San Candido
30%
Entraineur 2 Simone Vagnozzi
30%
Prise de raquette Droitier
24%
Premier titre sur le circuit principal Sofia
22%
Aucun quiz correspondant
Distribution des résultats
% des personnes avec chaque résultat
Percentile par nombre de réponses
Votre historique - résultats
Vous n’avez pas pris ce quiz